| 000 | 00725nam a22002055i 4500 | ||
|---|---|---|---|
| 001 | 155673 | ||
| 003 | ES-MaACL | ||
| 005 | 20250716062624.0 | ||
| 008 | 040727q18901910fr |||| | fre d | ||
| 040 |
_aCAM _bspa _cCAM |
||
| 100 | 1 |
_aHugo, Victor, _d1802-1885 _964627 |
|
| 245 | 1 | 0 |
_aBug-Jargal / _cVictor Hugo. |
| 260 |
_aParis : _bJ. Hetzel libraire-éditeur, _c[s.a.] ( _fL.-Imp. réunies, Martinet) |
||
| 300 |
_a211 p. ; _c18 cm. |
||
| 490 | 1 | _aOeuvres complètes de Victor Hugo. Roman | |
| 596 | _aProbablemente impresa en la última década del siglo XIX o primera del XX. | ||
| 830 | 0 |
_aOeuvres complètes de Victor Hugo. Roman _9187968 |
|
| 852 |
_aES-MaACL _jG-3106 _z-- Enc. hol. |
||
| 999 |
_c155673 _d155673 |
||